000 00868cam a22002054a 4500
005 20250605163542.0
008 250528s ||||||||||||||||||||||||d
035 _a21613
020 _a9789609539920
040 _aGR-AtMCL
_bgre
_dGR-AtMCL
_eAACR2
245 1 _aΘΕΜΑΤΑ ΑΝΑΠΤΥΞΙΑΚΗΣ ΨΥΧΟΛΟΓΙΑΣ / Γνωστική - κοινωνική - συναισθηματική ανάπτυξη
250 _a1
260 _bΔιαδραση,
_c2011
300 _a254
520 _aΠΑΙΧΝΙΔΙ ΜΕΤΑΒΑΤΙΚΑ ΑΝΤΙΚΕΙΜΕΝΑ ΡΟΛΟΣ ΠΑΙΔΑΓΩΓΟΥ ΕΓΩΚΕΝΤΡΙΣΜΟΣ ΝΗΠΙΑΚΗ ΗΛΙΚΙΑ ΣΧΟΛΙΚΗ ΗΛΙΚΙΑ ΕΦΗΒΙΚΗ ΗΛΙΚΙΑ ΔΙΑΠΡΟΣΩΠΙΚΗ ΚΑΤΑΝΟΗΣΗ ΦΙΛΙΑ
700 1 _aΓαλανακη Ευαγγελια
942 _cBK
999 _c6674
_d6674